Fullmetal Alchemist - Les antagonistes - Statistiques

Statistiques générales
  • Ce quiz a été pris 52 fois
  • Le résultat moyen est 10 sur 14
Statistiques - réponses
Par images Réponse % Correct
Scar
98%
Envy
95%
Greed
88%
Lust
88%
Wrath (King Bradley)
88%
Gluttony
86%
Pride (Selim Bradley)
86%
Sloth
76%
Sho Tucker
74%
Solf J. Kimblee
62%
Father
60%
Barry le Boucher
38%
Cornello
33%
Général Raven
17%
Aucun quiz correspondant
Distribution des résultats
% des personnes avec chaque résultat
Percentile par nombre de réponses
Votre historique - résultats
Vous n’avez pas pris ce quiz